000 00814cam a22002533a 4500
001 7963
003 PGUSA
005 20140828083151.0
008 050401s2005||||xxu|||||s|||||000 1 eng d
040 _aPGUSA
_beng
042 _adc
050 4 _aPZ
100 1 _aBlackford,
_cMrs
_q(Martha),
_d-1846
245 1 4 _aThe Eskdale Herd-boy :
_bA Scottish Tale for the Instruction and Amusement of Young People
_h[electronic resource] /
_cBlackford,
260 _bProject Gutenberg,
_c2005
506 _aPublic domain in the USA.
516 _aElectronic text
653 _aConduct of life -- Juvenile fiction
653 _aScotland -- Juvenile fiction
653 _aShepherds -- Scotland -- Juvenile fiction
830 0 _aProject Gutenberg
_v7963
856 4 0 _uhttp://www.gutenberg.org/ebooks/7963
942 _cEB
999 _c237263
_d237263